| 000 | 00430nam a22001817a 4500 | ||
|---|---|---|---|
| 003 | NUST - PNEC | ||
| 005 | 20170116180841.0 | ||
| 008 | 150821b xxu||||| |||| 00| 0 eng d | ||
| 020 | _a9812086307 | ||
| 040 | _cLIBRARY | ||
| 082 | _a512.1 THO | ||
| 100 |
_95362 _a Ho, Soo Thong |
||
| 245 |
_aNew additional mathematics _c Ho, Soo Thong |
||
| 250 | _a- | ||
| 260 | _c- | ||
| 650 |
_95363 _aMathematics _xME |
||
| 942 |
_2ddc _cBK |
||
| 999 |
_c64404 _d64404 |
||